000 00270nam a2200097Ia 4500
001 800641
005 20250826171023.0
008 250824s9999 xx 000 0 und d
245 0 _aHAYAT OKULUNDA ÖĞRENCİYİM
_cŞEBNEM GÜLER KARACAN
260 _bUĞUR BÖCEĞİ YAYINLARI
999 _c800641
_d800641